| 000 | 01304nam a2200289Ia 4500 | ||
|---|---|---|---|
| 003 | OSt | ||
| 005 | 20250711125702.0 | ||
| 008 | 191128s1998 ck a br 000 f spa d | ||
| 020 | _a9580445222 | ||
| 040 |
_aCO-JMCR _cCO-JMCR |
||
| 041 | 0 | _aspa | |
| 082 | 0 | 4 |
_aN _bBARm |
| 100 | 1 |
_aBarredo, José Eduardo, _eautor _9926 |
|
| 245 | 1 | 0 |
_aMundo azul / _cJosé Eduardo Barredo ; ilustraciones de María Osorio |
| 260 |
_aBarcelona ; Bogotá : _bNorma, _c1998 |
||
| 300 |
_a284 páginas : _bilustraciones a blanco y negro ; _c19 cm. |
||
| 490 | 0 | _aTorre de papel amarilla | |
| 500 | _aIncluye datos biográficos del autor. | ||
| 520 | _aEn el siglo 24, Donna, Alan y Akiro son habitantes de un lejano planeta y tienen una misión específica: reconstruir la Tierra; ese planeta azul que los hombres se encargaron de destruir. Los jóvenes viven sorprendentes aventuras y descubren algo más sorprendente aún. | ||
| 521 |
_aa partir de 11 años _bTapa posterior |
||
| 586 | _aFinalista del Concurso de Literatura Infantil y Juvenil Norma-Fundalectura en 1998 | ||
| 650 | 1 | 4 |
_aNovela infantil cubana _9927 |
| 650 | 1 | 4 |
_aHistoria de aventuras en la Tierra _xnovela infantil _9928 |
| 650 | 1 | 4 |
_aPlaneta Tierra _xnovela infantil _9929 |
| 700 | 1 |
_aOsorio, María, _eilustradora _9930 |
|
| 942 |
_2ddc _cBK |
||
| 999 |
_c3518 _d3518 |
||